00321nam a2200133Ia 4500008004100000041001200041082001800053100001900071245001800090250001300108260003500121300001100156650002000167231217s9999 xx 000 0 und d aEnglish a658.4093 FON aFontana, David 0aManaging time a1st ed.  c1996bNew Delhi : Excel Books, aix+117 aTime management